College Quizbowl Stats
College Quizbowl Stats
Circuits
Seasons
Sets
Records
Detailed Stats
About
Loading...
2024 Booster Shot (Great Lakes)
Tossups
Bonuses
Players
Teams
Categories (Tossup)
Categories (Bonus)
Lili Omilian
Michigan B
Categories
Category
Powers
Gets
Negs
BBs
Points
Earliest Buzz
Avg. Buzz
First Buzzes
Top 3 Buzzes
Fine Arts - Auditory Fine Arts
0
1
0
1
10
133
133.00
0
0
Geography
0
1
0
0
10
83
83.00
0
0
Social Science
0
1
0
0
10
99
99.00
0
0
Science - Other Science
0
0
0
0
0
0.00
0
0
Science - Physics
0
0
1
0
-5
0.00
0
0
Buzzes
Category
Answer
Value
Buzz Position
Science - Physics
electric field
-5
51
Geography
Copenhagen
10
83
Social Science
Rorschach test
10
99
Science - Other Science
lithium
0
132
Fine Arts - Auditory Fine Arts
scales
10
133
Previous
1
Next